Top 20 Most Followed Instagram Accounts - Statistics

General Stats
  • This quiz has been taken 47 times
  • The average score is 9 of 20
Answer Stats
Followers Person Country % Correct
647 M Cristiano Ronaldo Portugal
97%
504 M Lionel Messi Argentina
97%
295 M Justin Bieber Canada
78%
359 M Kim Kardashian Usa
68%
227 M Neymar Brazil
62%
395 M Kylie Jenner Usa
59%
305 M Khloé Kardashian Usa
57%
283 M Taylor Swift Usa
57%
220 M Kourtney Kardashian Usa
54%
290 M Kendall Jenner Usa
51%
313 M Beyoncé Usa
46%
423 M Selena Gomez Usa
46%
376 M Ariana Grande Usa
38%
394 M Dwayne Johnson Usa
30%
227 M Nicki Minaj Trinidad andTobago
24%
205 M Katy Perry Usa
22%
270 M Virat Kohli India
22%
249 M Jennifer Lopez Usa
16%
213 M Miley Cyrus Usa
14%
180 M Zendaya Usa
8%
No matching quizzes found
Score Distribution
Percent of People with Each Score
Percentile by Number Answered
Your Score History
You have not taken this quiz